000 01051nam a2200229Ia 4500
003 Ost
005 20260507075651.0
008 260507s9999||||xx |||||||||||||| ||und||
020 _a9382104977
040 _cfsecg
041 _aara
082 _a343.03
100 _aعبد اللطيف، أحمد
_eمؤلف
245 0 _aجرائم الأموال العامة :
_bدراسة تحليلية تأصيلية تطبيقية /
_c أحمد عبد اللطيف
260 _aالقاهرة:
_bدار النهضة العربية,
_c[د.ت.]
300 _a866 صفحة؛
_bإيضاحات ؛
_c25 سم
520 _aماهية الأموال العامة- المفهوم الجنائي للمال والموظف العام- نطاق الحماية الجنائية للمال العام- بعض الأحكام الخاصة في جرائم المال العام.
653 _aالجرائم- الأموال العامة
653 _aالمالية العامة- قوانين وأنظمة
653 _aجرائم الأموال
942 _cكتاب
999 _c45594
_d45594